00674 2200253 4500001002100000005001700021008004100038035002400079040001100103082001100114090001800125100002500143245005200168250001100220260002600231300003000257650001900287850001200306990002100318990002100339990002100360990002100381990001800402YOGYA-0209000007135420090227093534.0 ind  0010-020900000071354 aYPDDIY a297.34 a297.34bAlm K aAL-MUSAWI, Abbas Ali aKisah-kisah rosulullah SAWcAbbas Ali Al-Musawi aCet. 1 aJakartabQorinac2007 axiv, 477 hlmbilusc18 cm aNabi dan rosul aYOPDYOG a33945-PD/A.08b1 a33946-PD/A.08b1 a33947-PD/A.08b1 a33948-PD/A.08b1 a33947-PD/A.08